<?xml version="1.0" encoding="UTF-8"?>
<record
    xmlns:xsi="http://www.w3.org/2001/XMLSchema-instance"
    xsi:schemaLocation="http://www.loc.gov/MARC21/slim http://www.loc.gov/standards/marcxml/schema/MARC21slim.xsd"
    xmlns="http://www.loc.gov/MARC21/slim">

  <leader>02502    a2200277   4500</leader>
  <controlfield tag="001">44841</controlfield>
  <controlfield tag="005">20260407155723.0</controlfield>
  <controlfield tag="008">260407a1995    arg                 spa d</controlfield>
  <controlfield tag="003">AR-UNSa-BCEJYS</controlfield>
  <datafield tag="040" ind1=" " ind2=" ">
    <subfield code="a">AR-UNSa-BCEJYS</subfield>
    <subfield code="b">spa</subfield>
    <subfield code="c">AR-UNSa-BCEJYS</subfield>
  </datafield>
  <datafield tag="080" ind1=" " ind2=" ">
    <subfield code="a">339.9</subfield>
    <subfield code="x">Econom&#xED;a internacional en general. Relaciones econ&#xF3;micas internacionales. Econom&#xED;a mundial </subfield>
  </datafield>
  <datafield tag="245" ind1="1" ind2="0">
    <subfield code="a">Econom&#xED;a internacional</subfield>
    <subfield code="p">teor&#xED;a y pol&#xED;tica</subfield>
  </datafield>
  <datafield tag="020" ind1=" " ind2=" ">
    <subfield code="a">978-84-481-1694-1</subfield>
  </datafield>
  <datafield tag="250" ind1=" " ind2=" ">
    <subfield code="a">3a. ed.</subfield>
  </datafield>
  <datafield tag="264" ind1=" " ind2="1">
    <subfield code="a">Madrid :</subfield>
    <subfield code="b">McGraw-Hill</subfield>
    <subfield code="c">1995</subfield>
  </datafield>
  <datafield tag="300" ind1=" " ind2=" ">
    <subfield code="a">xxxii, 962 p.</subfield>
    <subfield code="c">24 cm.</subfield>
  </datafield>
  <datafield tag="505" ind1=" " ind2=" ">
    <subfield code="a">1. Introducci&#xF3;n - Parte I: Teor&#xED;a del comercio internacional 2. Productividad del trabajo y ventaja comparativa: el modelo ricardiano &#x2013; 3. Factores espec&#xED;ficos y distribuci&#xF3;n de la renta &#x2013; 4. Dotaci&#xF3;n de recursos y comercio: el modelo Heckscher-Ohlin &#x2013; 5. El modelo est&#xE1;ndar de comercio &#x2013; 6. Econom&#xED;as de escala, competencia imperfecta y comercio internacional &#x2013; 7. Los movimientos internacionales de factores &#x2013; 8. Cuestiones de econom&#xED;a regional -- Parte II: 9. Los instrumentos de la pol&#xED;tica comercial &#x2013; 10. La econom&#xED;a pol&#xED;tica de la pol&#xED;tica comercial &#x2013; 11. La pol&#xED;tica comercial en los pa&#xED;ses en v&#xED;as de desarrollo &#x2013; 12. Pol&#xED;tica industrial en los pa&#xED;ses avanzados &#x2013; Parte III: Los tipos de cambio y la macroeconom&#xED;a de una econom&#xED;a abierta 13. La contabilidad nacional y la balanza de pagos &#x2013; 14. Los tipos de cambio y el mercado de divisas: un enfoque de activos &#x2013; 15. El dinero, los tipos de inter&#xE9;s y los tipos de cambio &#x2013; 16. El nivel de precios y el tipo de cambio a largo plazo &#x2013; 17. El producto nacional y el tipo de cambio a corto plazo &#x2013; 18. Los tipos de cambio fijos y la intervenci&#xF3;n en los mercados de divisas &#x2013; Parte IV: La pol&#xED;tica macroecon&#xF3;mica internacional: 19. El sistema monetario internacional, 1870- 1973 &#x2013; 20. La pol&#xED;tica macroecon&#xF3;mica y la coordinaci&#xF3;n con tipos de cambio flotantes &#x2013; 21. &#xC1;reas monetarias &#xF3;ptimas y la experiencia europea &#x2013; 22.  El mercado global de capitales: funcionamiento y problemas de pol&#xED;tica econ&#xF3;mica &#x2013; 23. Los pa&#xED;ses en v&#xED;as de desarrollo: estabilizaci&#xF3;n y reforma - </subfield>
  </datafield>
  <datafield tag="041" ind1=" " ind2=" ">
    <subfield code="a">spa</subfield>
  </datafield>
  <datafield tag="942" ind1=" " ind2=" ">
    <subfield code="c">BK</subfield>
  </datafield>
  <datafield tag="590" ind1=" " ind2=" ">
    <subfield code="a">niveau_biblio:m niveau_hierar:0</subfield>
  </datafield>
  <datafield tag="100" ind1="1" ind2=" ">
    <subfield code="a">Krugman, Paul R.</subfield>
  </datafield>
  <datafield tag="700" ind1="1" ind2=" ">
    <subfield code="a">Obstfeld, Maurice</subfield>
  </datafield>
  <datafield tag="700" ind1="1" ind2=" ">
    <subfield code="a">Tugores Ques, Juan</subfield>
  </datafield>
  <datafield tag="700" ind1="1" ind2=" ">
    <subfield code="a">Bernardos, Gonzalo</subfield>
  </datafield>
  <datafield tag="856" ind1="4" ind2="1">
    <subfield code="u">https://www.biblioeco.unsa.edu.ar/pmb/images/libros/L127000.jpg</subfield>
    <subfield code="y">Imagen de portada</subfield>
    <subfield code="q">image/jpeg</subfield>
  </datafield>
  <datafield tag="999" ind1=" " ind2=" ">
    <subfield code="c">3820</subfield>
    <subfield code="d">3820</subfield>
  </datafield>
  <datafield tag="952" ind1=" " ind2=" ">
    <subfield code="0">0</subfield>
    <subfield code="1">0</subfield>
    <subfield code="4">0</subfield>
    <subfield code="7">0</subfield>
    <subfield code="a">BCEJYS</subfield>
    <subfield code="b">BCEJYS</subfield>
    <subfield code="c">16</subfield>
    <subfield code="d">2026-04-07</subfield>
    <subfield code="l">0</subfield>
    <subfield code="o">339.9 K94 3ed.</subfield>
    <subfield code="p">L127000</subfield>
    <subfield code="r">2026-04-07 15:57:23</subfield>
    <subfield code="w">2026-04-07</subfield>
    <subfield code="y">L</subfield>
  </datafield>
</record>
